000
00438nam a22001337a 4500
003
SGT
020
_a
978817315754
082
_a
891.4309
_b
M10S
100
_a
शुक्ल, संतोष कुमार
245
_a
माधवराव स्प्रे : पत्रकारिता के युग निर्माता
260
_b
प्रभात प्रकाशन
_c
2010
300
_a
143
942
_2
ddc
_c
BK
999
_c
29732
_d
29732